Filozófia a középiskolában negyedik közlemény /

Elmentve itt :
Bibliográfiai részletek
Szerző: Kornis Gyula
Dokumentumtípus: Cikk
Megjelent: 1910
Sorozat:Magyar pedagógia : a Magyar Tudományos Akadémia Pedagógiai Bizottságának folyóirata 19
Kulcsszavak:Filozófia tanítása módszer, Filozófia tanítása
Online Access:http://misc.bibl.u-szeged.hu/8654
LEADER 00697nab a2200181 i 4500
001 misc8654
005 20191106143826.0
008 170607s1910 hu o 0|| hun d
022 |a 0025-0260 
040 |a SZTE Miscellanea Repozitórium  |b hun 
041 |a hun 
100 1 |a Kornis Gyula 
245 1 0 |a Filozófia a középiskolában   |h [elektronikus dokumentum] :  |b negyedik közlemény /  |c  Kornis Gyula 
260 |c 1910 
300 |a 209-228 
490 0 |a Magyar pedagógia : a Magyar Tudományos Akadémia Pedagógiai Bizottságának folyóirata  |v 19 
695 |a Filozófia tanítása módszer, Filozófia tanítása 
856 4 0 |u http://misc.bibl.u-szeged.hu/8654/1/mp_1910_1503_209-228.pdf  |z Dokumentum-elérés